পদ্মাপুরাণ / (Record no. 38144)
[ view plain ]
| 000 -LEADER | |
|---|---|
| fixed length control field | 01679nam a2200325 a 4500 |
| 001 - CONTROL NUMBER | |
| control field | 38144 |
| 003 - CONTROL NUMBER IDENTIFIER | |
| rucl marc code | BD-RjUL |
| 005 - DATE AND TIME OF LATEST TRANSACTION | |
| control field | 20211209052732.0 |
| 008 - FIXED-LENGTH DATA ELEMENTS--GENERAL INFORMATION | |
| fixed length control field | 150915s1999 bg b 000 0 ben |
| 035 ## - SYSTEM CONTROL NUMBER | |
| System control number | (DLC)38249 |
| 040 ## - CATALOGING SOURCE | |
| Original cataloging agency | DLC |
| Transcribing agency | DLC |
| Modifying agency | DLC |
| Language of cataloging | eng |
| 041 ## - LANGUAGE CODE | |
| Language code of text/sound track or separate title | eng |
| 082 ## - DEWEY DECIMAL CLASSIFICATION NUMBER | |
| Classification number | 294.5 |
| Author mark and year | GUP 1999 |
| 100 1# - MAIN ENTRY--PERSONAL NAME | |
| Personal name | গুপ্ত, বিজয় |
| Dates associated with a name | ১৫ শতক |
| 9 (RLIN) | 118033 |
| 245 10 - TITLE STATEMENT | |
| Title | পদ্মাপুরাণ / |
| Statement of responsibility, etc. | বিজয় গুপ্ত ,সঙ্কলক,বসন্তকুমার ভট্টাচার্য্য ;সংগ্রাহক ও সম্পাদক, অমৃতলাল বালা |
| 246 30 - VARYING FORM OF TITLE | |
| Title proper/short title | পদ্মাপুরাণ |
| 250 ## - EDITION STATEMENT | |
| Edition statement | ১ম সং. |
| 260 ## - PUBLICATION, DISTRIBUTION, ETC. (IMPRINT) | |
| Place of publication, distribution, etc. | রাজশাহী : |
| Name of publisher, distributor, etc. | বাংলা গবেষণা সংসদ, বাংলা বিভাগ, রাজশাহী বিশ্ববিদ্যালয়, |
| Date of publication, distribution, etc. | ১৯৯৯ |
| 300 ## - PHYSICAL DESCRIPTION | |
| Pagination | ২৬৭ পৃ. ; |
| Size | ২২ সেমি. |
| 500 ## - GENERAL NOTE | |
| General note | Poem. |
| 504 ## - BIBLIOGRAPHY, ETC. NOTE | |
| Bibliography, etc | গ্রন্থপঞ্জীগত রেফারেন্স সংযুক্ত (পৃ. ২৬৭). |
| 520 ## - SUMMARY, ETC. | |
| Summary, etc. | About Manasā (Hindu deity); includes critical interpretation. |
| 650 #0 - SUBJECT ADDED ENTRY--TOPICAL TERM | |
| Topical term or geographic name as entry element | মনষা (হিন্দু দেবতা) |
| 9 (RLIN) | 118034 |
| Topical term or geographic name as entry element | Manasā (Hindu deity) |
| General subdivision | Poetry. |
| 9 (RLIN) | 118035 |
| 700 1# - ADDED ENTRY--PERSONAL NAME | |
| Personal name | ভট্টাচার্য, বসন্তকুমার |
| Personal name | বালা, অমৃতলাল |
| 710 2# - ADDED ENTRY--CORPORATE NAME | |
| Corporate name or jurisdiction name as entry element | রাজশাহী বিশ্বিবদ্যালয় |
| Subordinate unit | বাংলা গবেষণা সংসদ |
| 9 (RLIN) | 118038 |
| 942 ## - ADDED ENTRY ELEMENTS (KOHA) | |
| Source of classification or shelving scheme | Dewey Decimal Classification |
| Koha item type | Books |
| Lost status | Source of classification or shelving scheme | Damaged status | Not for loan | Collection code | Permanent Location | Current Location | Shelving location | Date acquired | Total Checkouts | Full call number | Date last seen | Date checked out | Copy number | Koha item type | Source of acquisition | Cost, normal purchase price |
|---|---|---|---|---|---|---|---|---|---|---|---|---|---|---|---|---|
| Dewey Decimal Classification | Non-fiction | Central Library, University of Rajshahi | Central Library, University of Rajshahi | 15/09/2015 | 2 | B 294.5 GUP 1999 | 07/09/2016 | 21/08/2016 | C-2 | Books | ||||||
| Dewey Decimal Classification | Non-fiction | Central Library, University of Rajshahi | Central Library, University of Rajshahi | 29/10/2002 | B 294.5 GUP 1999 | 03/03/2016 | C-3 | Books | Amritalal Bala , R.U. | 150.00 | ||||||
| Dewey Decimal Classification | Non-fiction | Central Library, University of Rajshahi | Central Library, University of Rajshahi | 29/10/2002 | B 294.5 GUP 1999 | 14/07/2016 | C-4 | Books | Amritalal Bala , R.U. | 150.00 |